书目信息 |
| 题名: |
改变汽车的100个黑科技
|
|
| 作者: | 朱盛镭 编著 | |
| 分册: | ||
| 出版信息: | 北京 机械工业出版社 2020.7 |
|
| 页数: | 228页 | |
| 开本: | 25cm | |
| 丛书名: | ||
| 单 册: | ||
| 中图分类: | U46 | |
| 科图分类: | ||
| 主题词: | 汽车--普及读物 | |
| 电子资源: | ||
| ISBN: | 978-7-111-65530-5 | |
| 000 | 00996nam0 2200229 45 | |
| 001 | 012001002466 | |
| 005 | 20140914110004.0 | |
| 010 | @a978-7-111-65530-5@dCNY89.00 | |
| 100 | @a20201028d2020 em y0chiy50 ea | |
| 101 | 0 | @achi |
| 102 | @aCN@b110000 | |
| 105 | @aa z 000yy | |
| 106 | @ar | |
| 200 | 1 | @a改变汽车的100个黑科技@Agai bian qi che de 100 ge hei ke ji@b专著@f朱盛镭编著 |
| 210 | @a北京@c机械工业出版社@d2020.7 | |
| 215 | @a228页@c图,照片@d25cm | |
| 330 | @a本书所展示的100项改变汽车及其产业的“黑科技”,是以公众对其感知最强烈的时间段为暗线进行分类和排序的;以汽车黑科技典型场景为导入,力求追溯和描述汽车黑科技及其族群的起源、触发、扩散、影响及发展脉络。同时,书中也给出一些黑科技的某些负面效应和可能潜伏的危机,目的是试图通过介绍有关汽车黑科技发展的演绎,普及传播现代汽车产业科技的新鲜知识、跨界效应以及发展趋势。 | |
| 606 | 0 | @a汽车@j普及读物 |
| 690 | @aU46@v5 | |
| 701 | 0 | @a朱盛镭@Azhu sheng lei@4编著 |
| 801 | 0 | @aCN@bBJSDL@c20211011 |
| 905 | @b1339836-9@dU46@e1095@f4 | |
| 改变汽车的100个黑科技/朱盛镭编著.-北京:机械工业出版社,2020.7 |
| 228页:图,照片;25cm |
| ISBN 978-7-111-65530-5:CNY89.00 |
| 本书所展示的100项改变汽车及其产业的“黑科技”,是以公众对其感知最强烈的时间段为暗线进行分类和排序的;以汽车黑科技典型场景为导入,力求追溯和描述汽车黑科技及其族群的起源、触发、扩散、影响及发展脉络。同时,书中也给出一些黑科技的某些负面效应和可能潜伏的危机,目的是试图通过介绍有关汽车黑科技发展的演绎,普及传播现代汽车产业科技的新鲜知识、跨界效应以及发展趋势。 |
| ● |
| 相关链接 |
|
|
|
|
正题名:改变汽车的100个黑科技
索取号:U46/1095
 
预约/预借
| 序号 | 登录号 | 条形码 | 馆藏地/架位号 | 状态 | 备注 |
| 1 | 1339836 | 213398367 | 第二样本阅览室/ [索取号:U46/1095] | 在馆 | |
| 2 | 1339837 | 213398376 | 第三借阅区/ [索取号:U46/1095] | 在馆 | |
| 3 | 1339838 | 213398385 | 第三借阅区/ [索取号:U46/1095] | 在馆 | |
| 4 | 1339839 | 213398394 | 第三借阅区/ [索取号:U46/1095] | 在馆 |